000 00747nam a22002297a 4500
999 _c1128
_d1128
003 AR-CdUCM
008 190226b ||||| |||| 00| 0 spa d
040 _aMUNICIPALIDAD PROVINCIAL DEL CUSCO
_cBIBLIOTECA MUNICIPAL DEL CUSCO
041 _heng
082 _a335.4 /
_bP47
100 _aPetersen, William
_94434
245 _aEl mundo del Comunismo /
_cPetersen, William
260 _aMadrid - EspaƱa :
_bMediterraneo ,
_c1966.
300 _a191 paginas :
_c19 cm.
505 _aLa ideologia del Comunismo -- Nacionalismo -- Cultura Sovietica...
650 _aComunismo.
_9495
650 _aIdeologia.
_91078
650 _aTeoria del Comunismo.
_94435
700 _aPetersen, William
_94434
942 _2ddc
_cLIBROS
945 _artm
_d2019-02-26